Cash is King: A Practical Guide to Strategic Cash Management (Record no. 1085283)

MARC details
000 -LEADER
fixed length control field 00352nam a2200121Ia 4500
008 - FIXED-LENGTH DATA ELEMENTS--GENERAL INFORMATION
fixed length control field 231228s1994 xx 000 0 und d
041 ## - LANGUAGE CODE
Language code of text/sound track or separate title eng
082 ## - DEWEY DECIMAL CLASSIFICATION NUMBER
Classification number 658 .15`244
Item number CHE
100 ## - MAIN ENTRY--PERSONAL NAME
Personal name CHECKLEY (K)
245 ## - TITLE STATEMENT
Title Cash is King: A Practical Guide to Strategic Cash Management
260 ## - PUBLICATION, DISTRIBUTION, ETC.
Place of publication, distribution, etc. London
Name of publisher, distributor, etc. Pitman Publication London
Date of publication, distribution, etc. 1994
300 ## - PHYSICAL DESCRIPTION
Extent XIII,206

No items available.